Music Quiz

Random Music or Lyrics Quiz
Score 0/210 Timer 05:00
0 Plays Today
% Correct
child
98.8%
hell,
98.8%
hell
98.8%
for
98.8%
children.
98.8%
Hell,
98.8%
hell
98.8%
for
98.8%
children.
98.8%
for
98.8%
hell,
98.8%
hell
98.8%
for
98.8%
children.
98.8%
Hell,
98.8%
hell
98.8%
for
98.8%
children.
98.8%
for
98.8%
Hell
98.8%
for
98.8%
children!!!
98.8%
Hell!!!
98.8%
Hell
98.8%
for —
98.8%
hell!!!
98.8%
Hell
98.8%
for —
98.8%
hell!!!
98.8%
Hell
98.8%
for
98.8%
children!!!
98.8%
Hell!!!
98.8%
Hell
98.8%
for —
98.8%
hell!!!
98.8%
Hell
98.8%
for —
98.8%
hell!!!
98.8%
Hell
98.8%
for
98.8%
children!!!
98.8%
Hell!!!
98.8%
Hell
98.8%
for —
98.8%
hell!!!
98.8%
Hell
98.8%
for —
98.8%
hell!!!
98.8%
Hell
98.8%
for
98.8%
children!!!
98.8%
Hell
98.8%
for
98.8%
children!!!
98.8%
Hell
98.8%
for
98.8%
children!!!
98.8%
is
98.2%
is
98.2%
is
98.2%
is
98.2%
is
98.2%
is
98.2%
is
98.2%
is
98.2%
is
98.2%
is
98.2%
is
98.2%
is
98.2%
% Correct
is
98.2%
is
98.2%
is
98.2%
is
98.2%
you
97.6%
you
97.6%
a
97.6%
you
97.6%
a
97.6%
you
97.6%
a
97.6%
a
97.6%
a
97.6%
you
97.6%
you
97.6%
a
97.6%
you
97.6%
the
97%
the
97%
the
97%
the
97%
the
97%
the
97%
and
95.2%
and
95.2%
And
95.2%
And
95.2%
and
95.2%
and
95.2%
and
95.2%
And
95.2%
And
95.2%
and
95.2%
Be
94%
Be
94%
in
92.3%
in
92.3%
in
92.3%
in
92.3%
of
92.3%
to
91.1%
your
90.5%
your
90.5%
your
90.5%
your
90.5%
your
90.5%
your
90.5%
your
90.5%
little
89.3%
little
89.3%
little
89.3%
They
88.1%
They
88.1%
because
88.1%
They
88.1%
because
88.1%
so
86.9%
so
86.9%
can
86.9%
so
86.9%
can
86.9%
their
85.7%
their
85.7%
their
85.7%
off
85.7%
their
85.7%
fell
85.1%
swing
85.1%
that
84.5%
tell
84.5%
% Correct
Tell
84.5%
that
84.5%
know
83.9%
know
83.9%
good
82.7%
don't
82.7%
good
82.7%
grandma
82.7%
see
82.1%
see
82.1%
such
82.1%
boy:
82.1%
get
82.1%
such
82.1%
can't
81%
can't
81%
girl,
81%
become
80.4%
become
80.4%
become
80.4%
dark
79.8%
eyes
79.8%
mess.
79.8%
eyes,
79.8%
mess.
79.8%
Love
79.2%
lives
79.2%
love
79.2%
lives
79.2%
love
79.2%
cry
78.6%
you'll
78.6%
new
78.6%
toy.
78.6%
tears.
76.2%
one
76.2%
fears.
75.6%
have
75.6%
wounded
74.4%
hide
73.8%
all
73.8%
all
73.8%
mommy
73.2%
pain
72%
with
71.4%
with
71.4%
shouldn't
70.2%
pay
70.2%
thing.
70.2%
shouldn't
70.2%
pay
70.2%
bones
69.6%
flesh.
69.6%
bones
69.6%
flesh.
69.6%
same
69%
light
67.9%
It's
67.9%
this
67.9%
then
64.9%
confusing,
61.3%
abusing.
61.3%
daddy's
60.7%
Forgive
59.5%
forget
59.5%
brutal
58.9%
while.
58.3%
blacken
58.3%
No!!!
57.1%
'pologize.
55.4%

You're not logged in!

Compare scores with friends on all Sporcle quizzes.
OR
Log In

Sporcle TV

Today on Sporcle TV


Watch our educational content, quiz creation guides, and fun videos on Sporcle TV.

Show Comments

Extras

Top Quizzes Today


Score Distribution

Paid Content

Your Account Isn't Verified!

In order to create a playlist on Sporcle, you need to verify the email address you used during registration. Go to your Sporcle Settings to finish the process.

Report this User

Report this user for behavior that violates our Community Guidelines.

Details: